Letter Lover - Statistics

General Stats
  • This quiz has been taken 16 times
  • The average score is 18 of 25
Answer Stats
Letter Type Here % Correct
M M
100%
S S
92%
X X
92%
A A
77%
D D
77%
E E
77%
F F
77%
M M
77%
O O
77%
Q Q
77%
R R
77%
W W
77%
G G
69%
H H
69%
J J
69%
T T
69%
U U
69%
W W
69%
Y Y
69%
C C
62%
B B
54%
R R
54%
S S
54%
U U
54%
L L
46%
No matching quizzes found
Score Distribution
Percent of People with Each Score
Percentile by Number Answered
Your Score History
You have not taken this quiz